| 000 | 00459nam a2200145Ia 4500 | ||
|---|---|---|---|
| 008 | 220214s9999 xx 000 0 und d | ||
| 022 | _a0027-9358 | ||
| 245 | 0 | _aNational Geographic Magazine | |
| 260 |
_bNational Geographic Society _aWashington |
||
| 310 | _aM | ||
| 500 | _aEnding Volume & Year: 188, 1990 | ||
| 500 | _aMissing Volume: 143;145-146;152-153;166;168;173-176;188(6);192(6);193(1-5) | ||
| 500 | _aStarting Volume & Year: 141, 1972 | ||
| 942 | _cBJ | ||
| 999 |
_c8123 _d8123 |
||